| 000 | 00990nam a2200229 i 4500 | ||
|---|---|---|---|
| 001 | 180117 | ||
| 003 | ES-MaACL | ||
| 005 | 20230906221013.0 | ||
| 008 | 120419s1948 sp bf |||| | spa d | ||
| 080 | _a811.134.2'282(460.181 Cabrera)(043.2) | ||
| 100 | 1 |
_aCasado, Concha. _936002 |
|
| 245 | 1 | 3 |
_aEl habla de la Cabrera Alta _b: contribución al estudio del dialecto leonés / _cpor María Concepción Casado Lobato. |
| 260 |
_aMadrid : _bConsejo Superior de Investigaciones Científicas, Patronato "Menéndez Pelayo", Instituto "Miguel de Cervantes", _c1948. |
||
| 300 |
_aXIX, 190 p., 2 h., 20 lám., 1 map. pleg. ; _c24 cm. |
||
| 490 | 1 |
_aAnejos de "La revista de filología española" ; _v44 |
|
| 650 | 4 |
_aLengua española- _zLeón (Provincia) _9163192 |
|
| 650 | 4 |
_aDialecto leonés. _9163592 |
|
| 710 | 2 |
_aInstituto "Miguel de Cervantes" _95133 |
|
| 830 | 0 |
_aAnejos de "La revista de filología española" ; _v44 _9191161 |
|
| 852 |
_aES-MaACL _jE-15391 |
||
| 999 |
_c180117 _d180117 |
||